[Event "Lass Sanktionerade"]
[Site "Linköping"]
[Date "2014.05.29"]
[Round "2"]
[White "Norqvist, Lars"]
[Black "Book, Kaarlo"]
[Result "1-0"]
[WhiteElo "1755"]
[BlackElo "1741"]
[PlyCount "89"]
[EventDate "2014.05.29"]
[EventType "swiss"]
[EventRounds "7"]
[EventCountry "SWE"]
[SourceDate "2014.05.29"]

1. e4 c6 2. c4 d5 3. exd5 cxd5 4. cxd5 Nf6 5. Bb5+ Bd7 6. Qb3 a6 7. Bxd7+ Qxd7
8. Nc3 g6 9. Nf3 Qc7 10. O-O Bg7 11. d6 exd6 12. Re1+ Kf8 13. d4 h6 14. Bd2 Kg8
15. Rac1 Qd7 16. Na4 Qb5 17. Nb6 Qxb3 18. axb3 Ra7 19. Nc8 Ra8 20. Nxd6 Nc6 21.
Nxb7 Rb8 22. Nc5 Nb4 23. Bxb4 Rxb4 24. Rc4 a5 25. Re7 Bf8 26. Ra7 Bxc5 27. dxc5
Rxc4 28. bxc4 Kg7 29. Rxa5 Rc8 30. b4 Rd8 31. Kf1 Ne4 32. Ra3 Rd1+ 33. Ke2 Rc1
34. Rb3 f5 35. Ne1 Rxc4 36. f3 Nf6 37. Nd3 Rc2+ 38. Ke3 g5 39. Kd4 Nd7 40. Rc3
Re2 41. c6 Nb6 42. c7 Re8 43. Rc6 Nc8 44. b5 Re7 45. Ne5 1-0

[Event "Lass Sanktionerade"]
[Site "Linköping"]
[Date "2014.05.29"]
[Round "2"]
[White "Hansson, Ronald"]
[Black "Rosell, Martin"]
[Result "1-0"]
[WhiteElo "1803"]
[BlackElo "1750"]
[PlyCount "69"]
[EventDate "2014.05.29"]
[EventType "swiss"]
[EventRounds "7"]
[EventCountry "SWE"]
[SourceDate "2014.05.29"]
[WhiteClock "0:06:05"]
[BlackClock "0:00:59"]

1. e4 c6 2. Nf3 d5 3. Nc3 Bg4 4. h3 dxe4 5. hxg4 exf3 6. Qxf3 Nf6 7. g5 Nd5 8.
g6 fxg6 9. Bd3 Qd6 10. Ne4 Qf4 11. Nc5 Qxf3 12. gxf3 b6 13. Rxh7 Rxh7 14. Bxg6+
Kd8 15. Ne6+ Kc8 16. Bxh7 Nd7 17. d4 Nc7 18. Bf5 Nxe6 19. Bxe6 Kd8 20. Bf4 g6
21. O-O-O Bg7 22. d5 c5 23. d6 Nf6 24. Bf7 g5 25. Bxg5 exd6 26. Re1 Kd7 27. Bg6
Rf8 28. Bf5+ Kc6 29. Re7 Bh8 30. Rxa7 Kd5 31. Bd3 Kc6 32. c4 d5 33. b3 d4 34.
Bf4 Re8 35. Rc7# {Kd5} 1-0

[Event "Lass Sanktionerade"]
[Site "Linköping"]
[Date "2014.05.29"]
[Round "2"]
[White "Qwarfort, Fredrik"]
[Black "Hjalmarsson, Sanna"]
[Result "1-0"]
[WhiteElo "1836"]
[BlackElo "1229"]
[PlyCount "115"]
[EventDate "2014.05.29"]
[EventType "swiss"]
[EventRounds "7"]
[EventCountry "SWE"]
[SourceDate "2014.05.29"]

1. d4 d5 2. c4 e6 3. Nf3 c6 4. g3 Nf6 5. Bg2 dxc4 6. a4 Bb4+ 7. Bd2 Bxd2+ 8.
Nbxd2 b5 9. O-O O-O 10. Qc2 a6 11. b3 cxb3 12. Nxb3 Nbd7 13. Qxc6 Rb8 14. Qc2
Qb6 15. axb5 axb5 16. Rfc1 Bb7 17. Qc7 Bd5 18. Qxb6 Rxb6 19. Nfd2 b4 20. Ra7
Nb8 21. Bxd5 Nxd5 22. Ne4 Nc6 23. Raa1 Nce7 24. Kf1 g6 25. Ke1 Rc8 26. Rxc8+
Nxc8 27. Ra8 Rc6 28. Nec5 Kg7 29. Na5 Rc7 30. Nc4 h5 31. Rb8 Na7 32. Nd6 Nc6
33. Ne8+ Kf8 34. Nxc7+ Nxb8 35. Nxd5 exd5 36. Kd2 Nc6 37. e3 Ke7 38. Kc2 Na5
39. Nd3 b3+ 40. Kb2 Kd6 41. Nc5 Nc4+ 42. Kxb3 Kc6 43. Kc3 Na5 44. Kd3 Kd6 45.
Ke2 Nc6 46. Nd3 Ne7 47. h3 Ke6 48. Kf3 Kf5 49. Ne5 Ke6 50. g4 hxg4+ 51. hxg4 g5
52. Kg3 f6 53. Nd3 Nc6 54. f4 gxf4+ 55. Nxf4+ Kd6 56. Kh4 Nb8 57. Kh5 Nd7 58.
Kg6 1-0

[Event "Lass Sanktionerade"]
[Site "Linköping"]
[Date "2014.05.29"]
[Round "2"]
[White "Eriksson, Ofelia"]
[Black "Sylvan, Marcus"]
[Result "1-0"]
[WhiteElo "1613"]
[BlackElo "1250"]
[PlyCount "44"]
[EventDate "2014.05.29"]
[EventType "swiss"]
[EventRounds "7"]
[EventCountry "SWE"]
[SourceDate "2014.05.29"]

1. d4 d5 2. Nf3 Nf6 3. Bf4 Bf5 4. e3 e6 5. Be2 h6 6. c3 Nc6 7. Qb3 Rb8 8. Nbd2
Nh5 9. Bg3 Nxg3 10. hxg3 Bd6 11. a3 e5 12. Qxd5 Be6 13. Qb5 exd4 14. cxd4 a6
15. Qd3 Ne7 16. Rc1 Bf5 17. e4 Bh7 18. Qb3 c6 19. Bc4 O-O 20. O-O Re8 21. Bxf7+
Kh8 22. Bxe8 Qxe8 1-0

[Event "Lass Sanktionerade"]
[Site "Linköping"]
[Date "2014.05.29"]
[Round "2"]
[White "Nguyen, Gabriel"]
[Black "Rosell, Philip"]
[Result "1/2-1/2"]
[WhiteElo "1586"]
[BlackElo "1050"]
[PlyCount "71"]
[EventDate "2014.05.29"]
[EventType "swiss"]
[EventRounds "7"]
[EventCountry "SWE"]
[SourceDate "2014.05.29"]

1. d4 f5 2. c4 Nf6 3. Nf3 e6 4. g3 d5 5. Qc2 c6 6. Bg2 Bd6 7. O-O O-O 8. b3 Qe7
9. Bb2 b6 10. a3 Ba6 11. Nbd2 Nbd7 12. b4 Rac8 13. Rfc1 Ne4 14. Qd1 Nxd2 15.
Nxd2 Nf6 16. e3 c5 17. dxc5 bxc5 18. Bxf6 Rxf6 19. cxd5 exd5 20. Bxd5+ Kh8 21.
Qb3 cxb4 22. Rxc8+ Bxc8 23. axb4 Bxb4 24. Nf3 h6 25. Nd4 Bc5 26. Nc6 Qc7 27.
Rc1 Rxc6 28. Bxc6 Qxc6 29. Qc3 Bb7 30. Kf1 Qg2+ 31. Ke2 Qf3+ 32. Ke1 Qh1+ 33.
Kd2 Qd5+ 34. Ke1 Qh1+ 35. Kd2 Qd5+ 36. Ke1 1/2-1/2

[Event "Lass Sanktionerade"]
[Site "Linköping"]
[Date "2014.05.30"]
[Round "3"]
[White "Andersson, Görgen"]
[Black "Hansson, Ronald"]
[Result "0-1"]
[WhiteElo "1799"]
[BlackElo "1803"]
[PlyCount "105"]
[EventDate "2014.05.29"]
[EventType "swiss"]
[EventRounds "7"]
[EventCountry "SWE"]
[SourceDate "2014.05.29"]
[WhiteClock "1:30:57"]
[BlackClock "0:22:16"]

1. e4 e6 2. d4 d5 3. e5 c5 4. Nf3 Nc6 5. Bd3 cxd4 6. O-O Nge7 7. Bf4 Ng6 8. Bg3
f5 9. exf6 Qxf6 10. Re1 Bb4 11. c3 dxc3 12. bxc3 Bc5 13. Bxg6+ Qxg6 14. Qxd5
Be7 15. Qb3 O-O 16. Nbd2 Kh8 17. Nc4 Bc5 18. Bd6 Bxd6 19. Nxd6 Rxf3 20. Nxc8
Rxc8 21. Rxe6 Rf6 22. Qxb7 Rxe6 23. Qxc8+ Qe8 24. Qxe8+ Rxe8 25. Kf1 Kg8 26.
Rb1 Kf7 27. a4 Re4 28. Rb7+ Kf6 29. a5 Re7 30. Rb5 Re5 31. Rb7 Rxa5 32. Ke2
Re5+ 33. Kd3 Re7 34. Rb5 Ke6 35. f4 Kd6 36. g4 Nd8 37. h4 Ne6 38. f5 Nc5+ 39.
Kd2 Re4 40. g5 Re5 41. c4 Rxf5 42. Kc3 Rf3+ 43. Kb4 Na6+ 44. Ka4 Rf4 45. h5
Rxc4+ 46. Kb3 Rc5 47. Rb7 Rc7 48. Rb5 Nc5+ 49. Kc4 a6 50. Rb1 Ne6+ 51. Kd3 Nxg5
52. Rb6+ Rc6 53. Kd4 {Ke5+} 0-1

[Event "Lass Sanktionerade"]
[Site "Linköping"]
[Date "2014.05.30"]
[Round "3"]
[White "Norqvist, Lars"]
[Black "Qwarfort, Fredrik"]
[Result "0-1"]
[WhiteElo "1755"]
[BlackElo "1836"]
[PlyCount "109"]
[EventDate "2014.05.29"]
[EventType "swiss"]
[EventRounds "7"]
[EventCountry "SWE"]
[SourceDate "2014.05.29"]

1. e4 d6 2. d4 Nf6 3. Nc3 g6 4. Nf3 Bg7 5. Bc4 O-O 6. Qe2 c6 7. O-O b5 8. Bb3
b4 9. e5 bxc3 10. exf6 Bxf6 11. bxc3 a5 12. a4 Nd7 13. Re1 Nb6 14. h4 Ba6 15.
Qe4 d5 16. Qg4 Nd7 17. h5 Bg7 18. hxg6 hxg6 19. Ba3 Re8 20. Ng5 Nf6 21. Qh4 Qd7
22. Re3 Qg4 23. Qxg4 Nxg4 24. Rxe7 Rxe7 25. Bxe7 Re8 26. Bd6 Bh6 27. Nf3 Re2
28. Bg3 f5 29. Rb1 g5 30. Ne5 Nxe5 31. Bxe5 Bg7 32. Bc7 Kf7 33. Bxa5 Ke6 34.
Bd8 Bf6 35. Bxf6 Kxf6 36. a5 Bb5 37. Ra1 Re7 38. Bxd5 cxd5 39. a6 Ra7 40. Rb1
Bxa6 41. Rb6+ Kf7 42. Kh2 Bc4 43. Kg3 Re7 44. f3 Re2 45. Rb7+ Kg6 46. Rb6+ Kh5
47. Kh3 g4+ 48. Kg3 gxf3 49. gxf3 Rxc2 50. Kf4 Rxc3 51. Rf6 Rd3 52. Rxf5+ Kg6
53. Ke5 Re3+ 54. Kf4 Rxf3+ 55. Ke5 0-1

[Event "Lass Sanktionerade"]
[Site "Linköping"]
[Date "2014.05.30"]
[Round "3"]
[White "Sylvan, Marcus"]
[Black "Nguyen, Gabriel"]
[Result "0-1"]
[WhiteElo "1250"]
[BlackElo "1586"]
[PlyCount "44"]
[EventDate "2014.05.29"]
[EventType "swiss"]
[EventRounds "7"]
[EventCountry "SWE"]
[SourceDate "2014.05.29"]

1. e4 c5 2. Nf3 Nc6 3. d4 cxd4 4. Nxd4 e6 5. Nc3 Qc7 6. Be3 a6 7. a3 Nf6 8. Qd2
Be7 9. O-O-O O-O 10. Be2 b5 11. Na2 Nxe4 12. Qd3 Nf6 13. g4 Bb7 14. Rhg1 Ne5
15. Qd2 Nc4 16. Bxc4 Qxc4 17. h3 Qxa2 18. Qd3 Ne4 19. c3 Nc5 20. Qe2 Qa1+ 21.
Kd2 Qxb2+ 22. Ke1 Qxc3+ 0-1

[Event "Lass Sanktionerade"]
[Site "Linköping"]
[Date "2014.05.30"]
[Round "3"]
[White "Book, Kaarlo"]
[Black "Anderson, Bertram"]
[Result "1-0"]
[WhiteElo "1741"]
[BlackElo "1816"]
[PlyCount "59"]
[EventDate "2014.05.29"]
[EventType "swiss"]
[EventRounds "7"]
[EventCountry "SWE"]
[SourceDate "2014.05.29"]

1. d4 d5 2. Nf3 Nc6 3. g3 Bg4 4. Bg2 Qd7 5. c3 Nf6 6. O-O O-O-O 7. b4 Bxf3 8.
Bxf3 Ne4 9. Bxe4 dxe4 10. f3 exf3 11. Rxf3 Ne5 12. Rf1 h5 13. Qe1 Nc6 14. e4
Nxd4 15. Qf2 Nc6 16. b5 Ne5 17. a4 b6 18. a5 Qxb5 19. axb6 Ng4 20. Qxf7 Qxb6+
21. Kg2 Ne3+ 22. Bxe3 Qb2+ 23. Nd2 Rxd2+ 24. Bxd2 Qxd2+ 25. Qf2 Qxc3 26. Qxa7
Qc2+ 27. Kh3 Qxe4 28. Qa8+ Qxa8 29. Rxa8+ Kb7 30. Raxf8 1-0

[Event "Lass Sanktionerade"]
[Site "Linköping"]
[Date "2014.05.30"]
[Round "3"]
[White "Rosell, Philip"]
[Black "Hjalmarsson, Sanna"]
[Result "0-1"]
[WhiteElo "1050"]
[BlackElo "1229"]
[PlyCount "96"]
[EventDate "2014.05.29"]
[EventType "swiss"]
[EventRounds "7"]
[EventCountry "SWE"]
[SourceDate "2014.05.29"]

1. e4 e5 2. Nf3 Nc6 3. Bb5 a6 4. Ba4 Nf6 5. d3 b5 6. Bb3 d6 7. O-O Na5 8. Nbd2
Nxb3 9. Nxb3 Be7 10. Be3 O-O 11. h3 Re8 12. Re1 c6 13. Nbd2 Bf8 14. Nf1 g6 15.
Ng3 Bg7 16. Bg5 Qc7 17. c3 Be6 18. d4 Rad8 19. Qc2 Bc8 20. Rad1 Rd7 21. Rd3 Bb7
22. Red1 Ree7 23. dxe5 dxe5 24. Rxd7 Rxd7 25. Rxd7 Nxd7 26. Qd3 Nc5 27. Qd8+
Qxd8 28. Bxd8 Na4 29. Bc7 f6 30. Nd2 Nxb2 31. f4 exf4 32. Bxf4 Kf7 33. Nf3 Nd3
34. Bc7 c5 35. Kf1 Ke6 36. Ke2 c4 37. Ke3 Bh6+ 38. Kd4 Bf8 39. Ke3 Bh6+ 40. Kd4
Kd7 41. Bb6 Bf8 42. a3 Bxa3 43. h4 Bd6 44. Ne2 h5 45. g3 Nf2 46. Nd2 Nd1 47.
Nb1 Kc6 48. Ba7 Be5# 0-1

[Event "Lass Sanktionerade"]
[Site "Linköping"]
[Date "2014.05.30"]
[Round "3"]
[White "Rosell, Martin"]
[Black "Eriksson, Ofelia"]
[Result "1-0"]
[WhiteElo "1750"]
[BlackElo "1613"]
[PlyCount "77"]
[EventDate "2014.05.29"]
[EventType "swiss"]
[EventRounds "7"]
[EventCountry "SWE"]
[SourceDate "2014.05.29"]

1. c4 Nf6 2. Nc3 c5 3. Nf3 Nc6 4. g3 g6 5. Bg2 Bg7 6. O-O O-O 7. a3 d6 8. Rb1
Be6 9. d3 Rb8 10. b4 b6 11. b5 Na5 12. e4 Qc8 13. Re1 Re8 14. Bb2 Ng4 15. Ne2
Ne5 16. Ng5 Nxd3 17. Qxd3 Bxc4 18. Qf3 f6 19. Bh3 Qb7 20. Be6+ Bxe6 21. Nxe6
Nc4 22. Nxg7 Kxg7 23. Bc1 Qd7 24. Nf4 Ne5 25. Qe2 c4 26. Bb2 Qxb5 27. Ne6+ Kf7
28. Nc7 Qc5 29. Nxe8 Nd3 30. Nxd6+ exd6 31. Red1 Re8 32. Rxd3 cxd3 33. Qxd3 Qc6
34. Rc1 Qd7 35. Qd5+ Kg7 36. Rc6 Re6 37. a4 h5 38. f4 Kh7 39. Ba3 1-0

[Event "Lass Sanktionerade"]
[Site "Linköping"]
[Date "2014.05.30"]
[Round "4"]
[White "Anderson, Bertram"]
[Black "Sylvan, Marcus"]
[Result "1-0"]
[WhiteElo "1816"]
[BlackElo "1250"]
[PlyCount "37"]
[EventDate "2014.05.29"]
[EventType "swiss"]
[EventRounds "7"]
[EventCountry "SWE"]
[SourceDate "2014.05.29"]

1. e4 c5 2. d4 cxd4 3. c3 dxc3 4. Nxc3 Nf6 5. e5 Ng8 6. Nf3 Nc6 7. Bc4 e6 8.
O-O Bc5 9. Ne4 Bb6 10. Nd6+ Kf8 11. b3 Bc7 12. Ba3 Bxd6 13. Bxd6+ Nge7 14. Ng5
Ke8 15. Qf3 Nf5 16. Qxf5 f6 17. exf6 gxf6 18. Qf3 fxg5 19. Qh5# 1-0

[Event "Lass Sanktionerade"]
[Site "Linköping"]
[Date "2014.05.30"]
[Round "4"]
[White "Hjalmarsson, Sanna"]
[Black "Book, Kaarlo"]
[Result "1/2-1/2"]
[WhiteElo "1229"]
[BlackElo "1741"]
[PlyCount "50"]
[EventDate "2014.05.29"]
[EventType "swiss"]
[EventRounds "7"]
[EventCountry "SWE"]
[SourceDate "2014.05.29"]

1. e4 c6 2. d4 d5 3. Nc3 dxe4 4. Nxe4 Nf6 5. Ng3 g6 6. Nf3 Bg7 7. Bc4 O-O 8.
O-O Bg4 9. c3 Nbd7 10. h3 Bxf3 11. Qxf3 c5 12. Be3 cxd4 13. Bxd4 Qc7 14. Bb3 b6
15. Rfe1 e6 16. Rad1 Rac8 17. Ba4 e5 18. Be3 Nc5 19. Bc2 Ne6 20. Ne4 Nxe4 21.
Qxe4 Nc5 22. Qg4 Rcd8 23. Bg5 Rxd1 24. Rxd1 Ne6 25. Bh4 Kh8 1/2-1/2

[Event "Lass Sanktionerade"]
[Site "Linköping"]
[Date "2014.05.30"]
[Round "4"]
[White "Norqvist, Lars"]
[Black "Nguyen, Gabriel"]
[Result "1-0"]
[WhiteElo "1755"]
[BlackElo "1586"]
[PlyCount "59"]
[EventDate "2014.05.29"]
[EventType "swiss"]
[EventRounds "7"]
[EventCountry "SWE"]
[SourceDate "2014.05.29"]

1. e4 c5 2. d4 cxd4 3. c3 dxc3 4. Nxc3 Nc6 5. Nf3 e6 6. Bc4 Qc7 7. O-O a6 8.
Qe2 Bc5 9. e5 Nd4 10. Nxd4 Bxd4 11. Bf4 Bxc3 12. bxc3 b5 13. Bb3 Qxc3 14. Rac1
Qd4 15. Qf3 Rb8 16. Rfd1 Qb6 17. Qg3 g6 18. Be3 Qd8 19. Rd2 Bb7 20. h4 Ne7 21.
Bg5 h6 22. Bf6 Rg8 23. Qf4 Rc8 24. Rcd1 Rc7 25. Qxh6 Qa8 26. Qg5 Nc6 27. h5 Ne7
28. Bxe7 Bxg2 29. Bd6 Bf3 30. Qe7# 1-0

[Event "Lass Sanktionerade"]
[Site "Linköping"]
[Date "2014.05.30"]
[Round "4"]
[White "Eriksson, Ofelia"]
[Black "Rosell, Philip"]
[Result "1-0"]
[WhiteElo "1613"]
[BlackElo "1050"]
[PlyCount "99"]
[EventDate "2014.05.29"]
[EventType "swiss"]
[EventRounds "7"]
[EventCountry "SWE"]
[SourceDate "2014.05.29"]

1. d4 f5 2. Nf3 Nf6 3. Bf4 e6 4. e3 d5 5. h3 c6 6. Nbd2 Be7 7. Be2 O-O 8. Ne5
Nbd7 9. Nd3 c5 10. c3 b6 11. a4 a5 12. Ne5 Nxe5 13. Bxe5 Bb7 14. O-O Rc8 15.
Re1 Qd7 16. Nf3 h6 17. Nh4 Bd6 18. Ng6 Rf7 19. Bb5 Bc6 20. Bxd6 Bxb5 21. Ne5
Qxd6 22. Nxf7 Kxf7 23. axb5 Ne4 24. Qf3 Qd7 25. Qh5+ Kf6 26. f3 Nd6 27. Qh4+
Kf7 28. Qf2 Kg8 29. Qg3 Nxb5 30. dxc5 Rxc5 31. Qb8+ Kh7 32. Qxb6 Qe7 33. Rxa5
Qc7 34. Qxc7 Rxc7 35. Rxb5 Kg6 36. Ra1 Kh5 37. Ra6 e5 38. Rxd5 Kh4 39. Kf2 Rb7
40. Rd2 f4 41. c4 Rb3 42. exf4 exf4 43. Ra3 Rb6 44. c5 Rb5 45. c6 Rc5 46. Rc3
g5 47. Rxc5 g4 48. Rh5+ Kxh5 49. fxg4+ Kh4 50. Rd5 1-0

[Event "Lass Sanktionerade"]
[Site "Linköping"]
[Date "2014.05.30"]
[Round "4"]
[White "Hansson, Ronald"]
[Black "Qwarfort, Fredrik"]
[Result "1-0"]
[WhiteElo "1803"]
[BlackElo "1836"]
[PlyCount "67"]
[EventDate "2014.05.29"]
[EventType "swiss"]
[EventRounds "7"]
[EventCountry "SWE"]
[SourceDate "2014.05.29"]
[WhiteClock "0:02:19"]
[BlackClock "0:02:29"]

1. e4 d6 2. d4 Nf6 3. Nc3 g6 4. Be3 c6 5. f3 b5 6. Qd2 b4 7. Nd1 a5 8. a3 bxa3
9. Rxa3 Bb7 10. Bd3 Nbd7 11. Ne2 Qc7 12. O-O Bg7 13. Nf2 O-O 14. Rfa1 c5 15.
dxc5 dxc5 16. c4 Nb6 17. Rxa5 Rxa5 18. Rxa5 Nfd7 19. Nc3 Nxc4 20. Bxc4 Qxa5 21.
Qxd7 Bxc3 22. Qxb7 Qa1+ 23. Bf1 Bxb2 24. Bxc5 Rd8 25. Bxe7 Ra8 26. Bc5 Bc3 27.
Qb6 Rc8 28. Be3 Ra8 29. g4 Ra2 30. Bh6 Ra8 31. Be3 Ra2 32. g5 Kg7 33. Ng4 Ra6
34. Qxa6 1-0

[Event "Lass Sanktionerade"]
[Site "Linköping"]
[Date "2014.05.30"]
[Round "4"]
[White "Andersson, Görgen"]
[Black "Rosell, Martin"]
[Result "0-1"]
[WhiteElo "1799"]
[BlackElo "1750"]
[PlyCount "128"]
[EventDate "2014.05.29"]
[EventType "swiss"]
[EventRounds "7"]
[EventCountry "SWE"]
[SourceDate "2014.05.29"]

1. d4 Nf6 2. Bg5 Ne4 3. h4 h6 4. Bf4 d5 5. f3 Nf6 6. Nc3 c5 7. e3 a6 8. g4 e6
9. Qd2 Nc6 10. O-O-O b5 11. Bg2 Bd7 12. Nge2 Qa5 13. g5 b4 14. gxf6 bxc3 15.
Qxc3 gxf6 16. Qxa5 Nxa5 17. e4 Bb5 18. Nc3 cxd4 19. Nxb5 axb5 20. Bc7 dxe4 21.
Rxd4 Nc6 22. Rxe4 Rxa2 23. Kb1 Ra7 24. Bb6 Rb7 25. Be3 f5 26. Rf4 Bd6 27. Rd1
Bxf4 28. Bxf4 Rd7 29. Re1 Rd4 30. Be3 Rxh4 31. f4 Kd7 32. Bb6 Nb4 33. Rd1+ Nd5
34. b3 Rxf4 35. Be3 Rg4 36. Bxd5 exd5 37. Rxd5+ Ke6 38. Rxb5 h5 39. c4 f4 40.
Bd4 f3 41. Re5+ Kd6 42. Rd5+ Ke7 43. Re5+ Kf8 44. Bc5+ Kg7 45. Rf5 Rb8 46. Kc2
Rg2+ 47. Kc3 h4 48. Bd4+ Kg6 49. Rf6+ Kg5 50. Rxf7 Kg4 51. c5 Rd8 52. c6 Re2
53. b4 h3 54. b5 h2 55. Rh7 Rxd4 56. Kxd4 f2 57. c7 Re8 58. Re7 Rc8 59. Rg7+
Kf5 60. Rf7+ Ke6 61. Rxf2 h1=Q 62. Re2+ Kd6 63. b6 Qd5+ 64. Kc3 Qc5+ 0-1

[Event "Lass Sanktionerade"]
[Site "Linköping"]
[Date "2014.05.31"]
[Round "5"]
[White "Nguyen, Gabriel"]
[Black "Book, Kaarlo"]
[Result "1/2-1/2"]
[WhiteElo "1586"]
[BlackElo "1741"]
[PlyCount "46"]
[EventDate "2014.05.29"]
[EventType "swiss"]
[EventRounds "7"]
[EventCountry "SWE"]
[SourceDate "2014.05.29"]

1. d4 d5 2. c4 c6 3. Nc3 Nf6 4. Nf3 e6 5. e3 g6 6. Bd3 Bg7 7. O-O O-O 8. h3 b6
9. b3 Bb7 10. cxd5 cxd5 11. Ba3 Re8 12. Rc1 a6 13. Ne5 Nbd7 14. f4 Ne4 15. Nxe4
dxe4 16. Be2 b5 17. Bd6 Nxe5 18. fxe5 Rc8 19. Rxc8 Qxc8 20. Qd2 Qa8 21. Rc1 Rc8
22. Rc2 Rxc2 23. Qxc2 Qc8 1/2-1/2

[Event "Lass Sanktionerade"]
[Site "Linköping"]
[Date "2014.05.31"]
[Round "5"]
[White "Sylvan, Marcus"]
[Black "Rosell, Philip"]
[Result "0-1"]
[WhiteElo "1250"]
[BlackElo "1050"]
[PlyCount "32"]
[EventDate "2014.05.29"]
[EventType "swiss"]
[EventRounds "7"]
[EventCountry "SWE"]
[SourceDate "2014.05.29"]

1. e4 c6 2. d4 d5 3. exd5 cxd5 4. Nc3 Bf5 5. Nf3 e6 6. a3 Nf6 7. Nh4 Be4 8.
Nxe4 Nxe4 9. Nf3 Bd6 10. Bd3 Nf6 11. Be3 O-O 12. Qd2 h6 13. g4 Nxg4 14. Rg1
Nxe3 15. Qxe3 Qf6 16. O-O-O Bf4 0-1

[Event "Lass Sanktionerade"]
[Site "Linköping"]
[Date "2014.05.31"]
[Round "5"]
[White "Hjalmarsson, Sanna"]
[Black "Anderson, Bertram"]
[Result "0-1"]
[WhiteElo "1229"]
[BlackElo "1816"]
[PlyCount "74"]
[EventDate "2014.05.29"]
[EventType "swiss"]
[EventRounds "7"]
[EventCountry "SWE"]
[SourceDate "2014.05.29"]

1. e4 e5 2. Nf3 Nc6 3. Bb5 f5 4. Bxc6 dxc6 5. Nxe5 Qd4 6. Qh5+ g6 7. Nxg6 hxg6
8. Qxg6+ Kd8 9. d3 Ne7 10. Qg3 fxe4 11. Nc3 Rg8 12. Qf4 Nd5 13. Nxd5 cxd5 14.
g3 Be6 15. dxe4 dxe4 16. Qd2 Bc5 17. c3 Qxd2+ 18. Bxd2 Bg4 19. h3 Bf3 20. Rh2
Ke7 21. Bf4 c6 22. Kd2 Rad8+ 23. Kc2 Rd3 24. g4 Ke6 25. Re1 Rgd8 26. g5 Kf5 27.
Bc1 Rd1 28. Rxd1 Rxd1 29. h4 Rh1 30. Rxh1 Bxh1 31. Be3 Bxe3 32. fxe3 Bf3 33. c4
c5 34. a3 Bh5 35. Kc3 a5 36. b4 axb4+ 37. axb4 b6 0-1

[Event "Lass Sanktionerade"]
[Site "Linköping"]
[Date "2014.05.31"]
[Round "5"]
[White "Andersson, Görgen"]
[Black "Eriksson, Ofelia"]
[Result "1/2-1/2"]
[WhiteElo "1799"]
[BlackElo "1613"]
[PlyCount "50"]
[EventDate "2014.05.29"]
[EventType "swiss"]
[EventRounds "7"]
[EventCountry "SWE"]
[SourceDate "2014.05.29"]

1. d4 Nf6 2. Bg5 Ne4 3. h4 Nxg5 4. hxg5 b6 5. g6 fxg6 6. Qd3 d6 7. Qf3 d5 8. e4
Bb7 9. e5 Qd7 10. Bd3 Qe6 11. Ne2 g5 12. Bxh7 Kd8 13. Ng3 Nd7 14. Nc3 g6 15.
Qd3 a5 16. O-O-O c5 17. Qxg6 Qxg6 18. Bxg6 Rxh1 19. Nxh1 cxd4 20. Rxd4 e6 21.
f4 Be7 22. g3 Bc5 23. Rd1 Be3+ 24. Kb1 gxf4 25. gxf4 Bxf4 1/2-1/2

[Event "Lass Sanktionerade"]
[Site "Linköping"]
[Date "2014.05.31"]
[Round "5"]
[White "Hansson, Ronald"]
[Black "Norqvist, Lars"]
[Result "1/2-1/2"]
[WhiteElo "1803"]
[BlackElo "1755"]
[PlyCount "68"]
[EventDate "2014.05.29"]
[EventType "swiss"]
[EventRounds "7"]
[EventCountry "SWE"]
[SourceDate "2014.05.29"]
[WhiteClock "0:02:09"]
[BlackClock "0:05:33"]

1. e4 e6 2. d4 d5 3. Nc3 Nf6 4. e5 Nfd7 5. f4 c5 6. Nf3 Nc6 7. Be3 Be7 8. Qd2
cxd4 9. Nxd4 Qa5 10. Nb3 Qd8 11. O-O-O a5 12. Na4 b6 13. Bb5 Bb7 14. Qf2 Nc5
15. Nbxc5 bxc5 16. Nxc5 Qc7 17. Rd3 O-O 18. Rc3 Rfc8 19. a4 d4 20. Bxd4 Nxd4
21. Nxb7 Qxb7 22. Qxd4 Rxc3 23. Qxc3 Rc8 24. Qd2 Rd8 25. Qe2 Qb6 26. g3 Bc5 27.
Rd1 Rxd1+ 28. Kxd1 Qd8+ 29. Ke1 Qd5 30. c3 Qa2 31. Qd2 Qb1+ 32. Ke2 Qe4+ 33.
Kd1 Qb1+ 34. Ke2 Qe4+ 1/2-1/2

[Event "Lass Sanktionerade"]
[Site "Linköping"]
[Date "2014.05.31"]
[Round "5"]
[White "Qwarfort, Fredrik"]
[Black "Rosell, Martin"]
[Result "1/2-1/2"]
[WhiteElo "1836"]
[BlackElo "1750"]
[PlyCount "73"]
[EventDate "2014.05.29"]
[EventType "swiss"]
[EventRounds "7"]
[EventCountry "SWE"]
[SourceDate "2014.05.29"]

1. d4 f5 2. g3 Nf6 3. Bg2 e6 4. Nf3 d5 5. O-O Bd6 6. c4 c6 7. b3 Qe7 8. Nc3 O-O
9. Ne5 Nbd7 10. f4 Ne4 11. Nxe4 fxe4 12. e3 Kh8 13. Bd2 c5 14. Qh5 Bxe5 15.
fxe5 Rxf1+ 16. Rxf1 Kg8 17. Rf4 b6 18. Bh3 Nf8 19. Bg2 Ng6 20. Rf1 Ba6 21. Rc1
Rc8 22. cxd5 exd5 23. Bh3 Rc7 24. e6 Qd6 25. Qf5 c4 26. bxc4 Bxc4 27. a3 a5 28.
Bf1 Bxf1 29. Rxc7 Qxc7 30. Qxf1 Qe7 31. Qa6 Qxe6 32. Bxa5 Qc6 33. Qxb6 Qc1+ 34.
Kf2 Qc2+ 35. Ke1 Qc1+ 36. Ke2 Qc4+ 37. Ke1 1/2-1/2

[Event "Lass Sanktionerade"]
[Site "Linköping"]
[Date "2014.05.31"]
[Round "6"]
[White "Book, Kaarlo"]
[Black "Rosell, Philip"]
[Result "1-0"]
[WhiteElo "1741"]
[BlackElo "1050"]
[PlyCount "109"]
[EventDate "2014.05.29"]
[EventType "swiss"]
[EventRounds "7"]
[EventCountry "SWE"]
[SourceDate "2014.05.29"]

1. d4 f5 2. Bf4 Nf6 3. e3 e6 4. Nf3 d5 5. Bd3 c6 6. O-O Be7 7. c4 O-O 8. h3 Bd7
9. Nbd2 Be8 10. Qb3 Nbd7 11. Ne5 Qc8 12. Nxd7 Qxd7 13. Nf3 Rc8 14. Rac1 Bd6 15.
Bxd6 Qxd6 16. Ne5 Bd7 17. c5 Qc7 18. Qc2 Be8 19. b4 a6 20. a4 Ne4 21. Bxe4 fxe4
22. a5 Bd7 23. Qe2 Rf6 24. f3 exf3 25. Rxf3 Rcf8 26. Rcf1 Rxf3 27. Rxf3 Rxf3
28. Qxf3 Be8 29. Qf4 Qe7 30. Nf3 Qf7 31. Qxf7+ Bxf7 32. Ne5 Kf8 33. Kf2 Ke7 34.
g4 Kf6 35. h4 Bg6 36. Kg3 h6 37. Kf4 Be4 38. Nd7+ Ke7 39. Nb6 Kf7 40. Nc8 Ke8
41. Nd6+ Ke7 42. Nxb7 Kd7 43. g5 h5 44. Nd6 Bg6 45. e4 Ke7 46. exd5 exd5 47.
Ke5 Kd7 48. Nf5 Bxf5 49. Kxf5 Ke7 50. Kg6 Kf8 51. Kxh5 Kg8 52. Kg4 Kf7 53. h5
g6 54. h6 Kg8 55. Kf4 1-0

[Event "Lass Sanktionerade"]
[Site "Linköping"]
[Date "2014.05.31"]
[Round "6"]
[White "Eriksson, Ofelia"]
[Black "Nguyen, Gabriel"]
[Result "0-1"]
[WhiteElo "1613"]
[BlackElo "1586"]
[PlyCount "134"]
[EventDate "2014.05.29"]
[EventType "swiss"]
[EventRounds "7"]
[EventCountry "SWE"]
[SourceDate "2014.05.29"]

1. d4 Nf6 2. Nf3 g6 3. Bf4 Bg7 4. e3 d6 5. h3 O-O 6. Be2 Nbd7 7. O-O Qe8 8. c3
e5 9. dxe5 dxe5 10. Bh2 Ne4 11. Nbd2 Nxd2 12. Nxd2 Qe7 13. Qb3 Nc5 14. Qa3 Re8
15. Rad1 b6 16. Nb3 Bf8 17. Nxc5 Qxc5 18. Qxc5 Bxc5 19. Bb5 Bf5 20. Bxe8 Rxe8
21. Rd2 Bd6 22. Rfd1 Be6 23. b3 g5 24. f3 h6 25. Bg3 f6 26. h4 Kf7 27. hxg5
fxg5 28. Kf2 Kg6 29. Ke2 Bc8 30. c4 Bf5 31. Rf1 Bc8 32. Kd1 Bc5 33. Rd5 Bd6 34.
f4 Rf8 35. f5+ Bxf5 36. Ke1 Bb4+ 37. Rd2 Rd8 38. Rff2 Rxd2 39. Rxd2 Bxd2+ 40.
Kxd2 Kf6 41. Kc3 Be4 42. a3 Bxg2 43. Kd3 h5 44. Bh2 h4 45. Ke2 g4 46. Kf2 g3+
47. Bxg3 hxg3+ 48. Kxg2 Kf5 49. Kxg3 Ke4 50. Kf2 Kd3 51. Kf3 c5 52. b4 cxb4 53.
axb4 Kxc4 54. Ke4 Kxb4 55. Kxe5 a5 56. Kd6 a4 57. e4 a3 58. e5 a2 59. e6 a1=Q
60. e7 Qd4+ 61. Kc7 Qe5+ 62. Kd7 Qd5+ 63. Ke8 Kc5 64. Kf8 Qf5+ 65. Kg7 Qe6 66.
Kf8 Qf6+ 67. Ke8 Kd6 0-1